Vanuatu : 2019 Article IV Consultation-Press Release; Staff Report; and Statement by the Executive Director for Vanuatu.

Four years after Cyclone Pam struck Vanuatu causing extensive damages, reconstruction is near completion with full recovery in sight. The authorities are now focused on implementing their broader development plans that were slowed by the rebuilding process, which will require fiscal discipline and r...

詳細記述

書誌詳細
団体著者: International Monetary Fund. Asia and Pacific Dept
フォーマット: 雑誌
言語:English
出版事項: Washington, D.C. : International Monetary Fund, 2019.
シリーズ:IMF Staff Country Reports; Country Report ; No. 2019/162
オンライン・アクセス:Full text available on IMF
LEADER 01791cas a2200241 a 4500
001 AALejournalIMF019409
008 230101c9999 xx r poo 0 0eng d
020 |c 5.00 USD 
020 |z 9781498319485 
022 |a 1934-7685 
040 |a BD-DhAAL  |c BD-DhAAL 
110 2 |a International Monetary Fund.  |b Asia and Pacific Dept. 
245 1 0 |a Vanuatu :   |b 2019 Article IV Consultation-Press Release; Staff Report; and Statement by the Executive Director for Vanuatu. 
264 1 |a Washington, D.C. :  |b International Monetary Fund,  |c 2019. 
300 |a 1 online resource (87 pages) 
490 1 |a IMF Staff Country Reports 
500 |a <strong>Off-Campus Access:</strong> No User ID or Password Required 
500 |a <strong>On-Campus Access:</strong> No User ID or Password Required 
506 |a Electronic access restricted to authorized BRAC University faculty, staff and students 
520 3 |a Four years after Cyclone Pam struck Vanuatu causing extensive damages, reconstruction is near completion with full recovery in sight. The authorities are now focused on implementing their broader development plans that were slowed by the rebuilding process, which will require fiscal discipline and reforms to maintain debt sustainability. The authorities should continue their constructive engagement with development partners for technical assistance, capacity development, and concessional and grant-based funding. In parallel continuing to reform and strengthen the governance of institutions and removing vulnerabilities to corruption will be important. 
538 |a Mode of access: Internet 
830 0 |a IMF Staff Country Reports; Country Report ;  |v No. 2019/162 
856 4 0 |z Full text available on IMF  |u http://elibrary.imf.org/view/journals/002/2019/162/002.2019.issue-162-en.xml  |z IMF e-Library